De la psicología de la instrucción a las necesidades curriculares
Guardat en:
| Autor principal: | |
|---|---|
| Format: | Llibre |
| Idioma: | espanyol |
| Publicat: |
Barcelona
Oikos-Tau
2000
|
| Col·lecció: | Colección Práctica en Educación, 2
|
| Matèries: | |
| Etiquetes: |
Afegir etiqueta
Sense etiquetes, Sigues el primer a etiquetar aquest registre!
|
MARC
| LEADER | 00000nam a2200000 a 4500 | ||
|---|---|---|---|
| 001 | UCO2440 | ||
| 003 | CL-VaPUC | ||
| 008 | 000602e20000000SP |||||||||||||||||spa|d | ||
| 082 | 0 | 4 | |a 370.15 |b GAR |2 21 |
| 100 | |a García Sánchez, Jesús Nicasio |e author |9 475675 | ||
| 245 | 1 | 0 | |a De la psicología de la instrucción a las necesidades curriculares |
| 300 | |a 336 p | ||
| 942 | |c BK | ||
| 945 | |d 20000602 00:00:00 |a rbrito | ||
| 260 | |a Barcelona |b Oikos-Tau |c 2000 | ||
| 650 | 0 | |a Psicología del aprendizaje |9 306854 | |
| 650 | 0 | |a Currículo |9 307290 | |
| 650 | 0 | |a Educación especial |9 307486 | |
| 583 | |a last modification |c 20000602 00:00:00 |k Rodrigo Vera | ||
| 490 | 0 | |a Colección Práctica en Educación, 2 | |
| 999 | |c 288951 |d 288949 | ||
| 952 | |0 0 |1 0 |4 0 |6 370_150000000000000_GAR_2000 |7 0 |8 A |9 336965 |a FDOPOS |b FDOPOS |d 2019-11-20 |i 3626113 |o 370.15 GAR 2000 |p 3626113 |r 2025-01-22 |w 2019-11-20 |y BK |k MLA | ||